Encyclopedia of cell technology

Сохранить в:
Библиографические подробности
Главный автор: Spier, Raymond E (Автор)
Формат:
Язык:английский
Опубликовано: Nueva York John Wiley 2000
Серии:Wiley Biotechnology Encyclopedias
Предметы:
Метки: Добавить метку
Нет меток, Требуется 1-ая метка записи!

MARC

LEADER 00000nam a2200000 a 4500
001 UCK2556
003 CL-VaPUC
008 050304e20000000US |||||||||||||||||eng|d
020 |a 0471161233 
020 |a 047116643Xv.1 
020 |a 0471166235v.2 
082 0 4 |a 660.6  |b SPI  |2 21 
100 0 |a Spier, Raymond E  |e author  |9 490477 
245 1 0 |a Encyclopedia of cell technology 
300 |a 2 v 
942 |c BK 
945 |d 20050304 00:00:00  |a cmena 
260 |a Nueva York  |b John Wiley  |c 2000 
650 0 |a Biotecnología   |9 259561 
650 0 |a Citología  |9 261432 
650 0 |a Enciclopedias  |9 264135 
583 |a last modification  |c 20050304 00:00:00  |k Rodrigo Vera 
490 0 |a Wiley Biotechnology Encyclopedias 
999 |c 312059  |d 312057 
952 |0 0  |1 0  |4 0  |6 660_600000000000000_SPI_2000  |7 0  |8 F  |9 381862  |a BIBING  |b BIBING  |d 2019-11-21  |h v.1  |i 4095685  |o 660.6 SPI 2000  |p 4095685  |r 2025-01-20  |w 2019-11-21  |y BK_F  |k EIB 
952 |0 0  |1 0  |4 0  |6 660_600000000000000_SPI_2000  |7 0  |8 F  |9 381863  |a BIBING  |b BIBING  |d 2019-11-21  |h v.2  |i 4095693  |o 660.6 SPI 2000  |p 4095693  |r 2025-01-20  |w 2019-11-21  |y BK_F  |k EIB